Overwatch Heroes - Statistics

General Stats
  • This quiz has been taken 43 times
    5 since last reset
  • The average score is 45 of 50
Answer Stats
Hint Home Country Answer % Correct
DPS USA Ashe
100%
Support Haiti Baptiste
100%
Support Sweden Brigitte
100%
DPS USA Cassidy
100%
Tank Nigeria Doomfist
100%
Tank South Korea D.Va
100%
DPS Turkey Emre
100%
DPS Japan Genji
100%
DPS Japan Hanzo
100%
Tank Scotland Hazard
100%
Support Peru Illari
100%
Support Sweden (?) Jetpack Cat
100%
DPS Australia Junkrat
100%
Support Vietnam / Mars Juno
100%
Support Japan Kiriko
100%
Support Thailand Lifeweaver
100%
Support Brazil Lucio
100%
Tank Samoa Mauga
100%
DPS China Mei
100%
Support Switzerland Mercy
100%
Support Japan Mizuki
100%
Support Ireland Moira
100%
Tank Numbani Orisa
100%
DPS Egypt Pharah
100%
DPS USA Reaper
100%
Tank Germany Reinhardt
100%
Tank Australia Roadhog
100%
DPS USA Soldier 76
100%
DPS Mexico Sombra
100%
DPS India Symmetra
100%
DPS Sweden Torbjorn
100%
Tank Horizon Lunar Colony Wrecking Ball
100%
Tank Russia Zarya
100%
Support Nepal Zenyatta
100%
Support Egypt Ana
80%
DPS China Anran
80%
DPS Sweden Bastion
80%
Tank Nepal Ramattra
80%
Tank The Netherlands Sigma
80%
DPS United Kingdom Tracer
80%
DPS Italy Vendetta
80%
DPS France Widowmaker
80%
Tank Horizon Lunar Colony Winston
80%
DPS Denmark Freja
60%
Tank Australia Junker Queen
60%
DPS Canada Sojourn
60%
Support China Wuyang
60%
Tank India Dominia
40%
DPS Canada Venture
40%
DPS Switzerland (former) Echo
20%
No matching quizzes found
Score Distribution
Percent of People with Each Score
Percentile by Number Answered
Your Score History
You have not taken this quiz since the last reset